[Event "2BLW 2324 SV Koblenz - SG Solingen II"]
[Site "?"]
[Date "2023.10.21"]
[Round "1.1"]
[White "Krastev, Alexander"]
[Black "Balog, Imre"]
[Result "1-0"]
[WhiteElo "2423"]
[BlackElo "2622"]
[PlyCount "109"]
[EventDate "2023.??.??"]

1. e4 g6 2. d4 Bg7 3. Nc3 d6 4. Be3 c6 5. Qd2 b5 6. h4 Nf6 7. f3 Qc7 8. O-O-O h5 9. Nh3 Bxh3 10. Rxh3 Nbd7 11. Bd3 a6 12. Kb1 Rb8 13. f4 Nb6 14. e5 Ng4 15. Ne4 d5 16. Nc5 Qa7 17. f5 gxf5 18. e6 Nc4 19. Bxc4 bxc4 20. c3 O-O 21. Rf1 fxe6 22. Nxe6 Rf6 23. Nf4 Bh6 24. Ne2 Nxe3 25. Rxe3 c5 26. Rxf5 Rfb6 27. Rg3+ Bg7 28. Ka1 Rf6 29. Rxf6 exf6 30. dxc5 Re8 31. Nd4 Kh8 32. a3 Bf8 33. c6 Qc7 34. Re3 Re4 35. Rxe4 dxe4 36. Qe2 Qe5 37. c7 Qxc7 38. Qxh5+ Qh7 39. Qe8 Qe7 40. Qh5+ Qh7 41. Qe8 Qe7 42. Qxe7 Bxe7 43. Nf5 Bd8 44. Kb1 Bc7 45. g3 Kh7 46. h5 Bb6 47. Kc2 Bc5 48. Kd2 Ba7 49. Ke2 Bc5 50. g4 Ba7 51. Nd6 Kh6 52. Nxe4 f5 53. gxf5 Kxh5 54. Kf3 Bb8 55. Nd2 1-0

[Event "2BLW 2324 SV Koblenz - SG Solingen II"]
[Site "?"]
[Date "2023.10.21"]
[Round "1.2"]
[White "Sulskis, Sarunas"]
[Black "Roseneck, Jonas"]
[Result "1/2-1/2"]
[WhiteElo "2490"]
[BlackElo "2395"]
[PlyCount "105"]
[EventDate "2023.??.??"]

1. e4 e5 2. Bc4 Nf6 3. d3 Nc6 4. Nf3 d5 5. exd5 Nxd5 6. O-O Bc5 7. Nbd2 O-O 8. Ne4 Be7 9. Re1 Kh8 10. c3 f6 11. Bb3 Be6 12. d4 exd4 13. Nxd4 Nxd4 14. Qxd4 Bg8 15. Nc5 Bxc5 16. Qxc5 Re8 17. Rd1 Qe7 18. Qxe7 Rxe7 19. h4 c6 20. Bd2 Nb6 21. Be3 Nc4 22. Bxc4 Bxc4 23. b3 Be6 24. Rd6 Kg8 25. Rad1 a5 26. Bc5 Ree8 27. R1d4 a4 28. bxa4 Ra5 29. Bb6 Rd5 30. a5 Rxd6 31. Rxd6 Bc4 32. Rd7 Ba6 33. g4 Re4 34. f3 Rc4 35. Kf2 Rxc3 36. g5 Rd3 37. Rc7 fxg5 38. hxg5 Rd5 39. f4 Rf5 40. Ke3 Rf7 41. Rc8+ Rf8 42. Rxf8+ Kxf8 43. f5 g6 44. f6 Kf7 45. Kd4 Ke6 46. Bd8 Bf1 47. Kc5 Be2 48. Be7 Bf1 49. Kb6 Ba6 50. Bc5 Kf7 51. Kc7 Ke6 52. Kd8 Kf7 53. a3 1/2-1/2

[Event "2BLW 2324 SV Koblenz - SG Solingen II"]
[Site "?"]
[Date "2023.10.21"]
[Round "1.3"]
[White "Gaponenko, Inna"]
[Black "Seul, Georg"]
[Result "1/2-1/2"]
[WhiteElo "2332"]
[BlackElo "2383"]
[PlyCount "62"]
[EventDate "2023.??.??"]

1. e4 c6 2. d4 d5 3. exd5 cxd5 4. c4 Nf6 5. Nc3 Nc6 6. Nf3 a6 7. Bg5 Be6 8. c5 g6 9. Bd3 Bg4 10. Bxf6 exf6 11. O-O Bg7 12. Re1+ Kf8 13. Be2 f5 14. Ne5 Bxe2 15. Rxe2 Bxe5 16. dxe5 d4 17. Na4 Qc7 18. f4 Rd8 19. Rc1 Kg7 20. Qd3 Rhe8 21. a3 a5 22. Nb6 Kh8 23. g3 Qe7 24. Kf1 Qe6 25. Kf2 f6 26. exf6 Qxf6 27. Rce1 Rxe2+ 28. Rxe2 Qf7 29. Qc4 Qf6 30. Nd5 Qf7 31. Nb6 Qf6 1/2-1/2

[Event "2BLW 2324 SV Koblenz - SG Solingen II"]
[Site "?"]
[Date "2023.10.21"]
[Round "1.4"]
[White "Fritsche, Lutz"]
[Black "Schlecht, Daniel"]
[Result "0-1"]
[WhiteElo "2322"]
[BlackElo "2370"]
[PlyCount "52"]
[EventDate "2023.??.??"]

1. e4 e5 2. Nf3 Nc6 3. Bb5 a6 4. Ba4 Nf6 5. O-O Be7 6. Re1 b5 7. Bb3 O-O 8. Nc3 d6 9. h3 Na5 10. d3 h6 11. Bd2 Nxb3 12. axb3 Bb7 13. b4 Re8 14. Ne2 Bf8 15. Ng3 c5 16. Bc3 Qc7 17. Qd2 a5 18. Rxa5 Rxa5 19. bxa5 b4 20. Bxb4 cxb4 21. Qxb4 d5 22. Qb3 Rb8 23. Qa4 Bc6 24. Qa2 Ra8 25. a6 dxe4 26. dxe4 Bb7 0-1

[Event "2BLW 2324 SV Koblenz - SG Solingen II"]
[Site "?"]
[Date "2023.10.21"]
[Round "1.5"]
[White "Schaefer, Markus"]
[Black "Hammes, Michael"]
[Result "1/2-1/2"]
[WhiteElo "2358"]
[BlackElo "2349"]
[PlyCount "55"]
[EventDate "2023.??.??"]

1. e4 e6 2. d4 d5 3. Nd2 Be7 4. Bd3 c5 5. dxc5 Nf6 6. Qe2 a5 7. Ngf3 Na6 8. Bb5+ Bd7 9. exd5 exd5 10. Ne5 Nxc5 11. Nxd7 Ncxd7 12. O-O O-O 13. a4 Nc5 14. Nf3 Nce4 15. Be3 Bc5 16. Bxc5 Nxc5 17. Nd4 Qc7 18. Rad1 Rfd8 19. Rfe1 Nce4 20. c3 Rac8 21. Nf5 g6 22. Nd4 h5 23. f3 Nd6 24. Qf2 Qc5 25. Qh4 Nfe8 26. Kf1 Nxb5 27. Nxb5 Nd6 28. Nxd6 1/2-1/2

[Event "2BLW 2324 SV Koblenz - SG Solingen II"]
[Site "?"]
[Date "2023.10.21"]
[Round "1.6"]
[White "Stewart, Neil"]
[Black "Berg, Michael"]
[Result "1/2-1/2"]
[WhiteElo "2253"]
[BlackElo "2321"]
[PlyCount "151"]
[EventDate "2023.??.??"]

1. d4 Nf6 2. c4 c5 3. d5 b5 4. cxb5 a6 5. e3 axb5 6. Bxb5 Qa5+ 7. Nc3 Bb7 8. Bd2 Qb6 9. Nf3 Nxd5 10. a4 e6 11. O-O Be7 12. e4 Nxc3 13. Bxc3 Bxe4 14. Ne5 Bd5 15. Qg4 Bf6 16. Rad1 Qb7 17. Nc4 Bxc4 18. Qxc4 Bxc3 19. Qxc3 O-O 20. Qxc5 d5 21. Rc1 Na6 22. Qd4 Rac8 23. g3 Rc7 24. Qf4 Rcc8 25. Rxc8 Rxc8 26. Rc1 Nc5 27. Qd6 Ne4 28. Rxc8+ Qxc8 29. Qc6 Qb8 30. Qe8+ Qxe8 31. Bxe8 Nd6 32. Bc6 Kf8 33. a5 Ke7 34. a6 Nc8 35. b4 Kd6 36. b5 Kc7 37. Kf1 Kb6 38. Ke2 Nd6 39. Kd3 f6 40. Kd4 Nf5+ 41. Kc3 Ne7 42. Bd7 e5 43. h4 g5 44. h5 f5 45. h6 f4 46. gxf4 gxf4 47. Be6 Ka7 48. Kd2 Kb6 49. Kd3 Ka7 50. Kc3 Kb6 51. Kb4 e4 52. Kc3 e3 53. fxe3 fxe3 54. Kd3 d4 55. Bg4 Ng8 56. Kxd4 Nxh6 57. Be2 Nf5+ 58. Ke4 Nd6+ 59. Kxe3 Ka7 60. Kf4 Nc8 61. Kg5 Nb6 62. Kh6 Nc4 63. Kxh7 Nb6 64. Kg7 Nc4 65. Kf7 Nb6 66. Ke7 Na4 67. Kd7 Nb6+ 68. Kc7 Na4 69. Bd1 Nb6 70. Bb3 Nc8 71. Bd5 Nb6 72. Kd6 Nc8+ 73. Kc7 Nb6 74. Bb3 Na8+ 75. Kc6 Nb6 76. Kc7 1/2-1/2

[Event "2BLW 2324 SV Koblenz - SG Solingen II"]
[Site "?"]
[Date "2023.10.21"]
[Round "1.7"]
[White "Michalczak, Thomas"]
[Black "Doncevic, Dario"]
[Result "1/2-1/2"]
[WhiteElo "2187"]
[BlackElo "2219"]
[PlyCount "55"]
[EventDate "2023.??.??"]

1. e4 c5 2. c3 d5 3. exd5 Qxd5 4. Nf3 Nc6 5. Na3 e6 6. Bc4 Qd8 7. O-O Nf6 8. Qe2 a6 9. Bb3 b5 10. c4 b4 11. Nc2 Be7 12. d4 cxd4 13. Ba4 Bd7 14. Rd1 Qa5 15. b3 O-O 16. Bb2 Rfe8 17. Bxc6 Bxc6 18. Qe5 Qxe5 19. Nxe5 Bb7 20. Nxd4 Rac8 21. a3 Red8 22. Kf1 bxa3 23. Bxa3 Bxa3 24. Rxa3 Ne4 25. Rd3 Nc5 26. Rd2 Ne4 27. Rd3 Nc5 28. Rd2 1/2-1/2

[Event "2BLW 2324 SV Koblenz - SG Solingen II"]
[Site "?"]
[Date "2023.10.21"]
[Round "1.8"]
[White "Repplinger, Marc"]
[Black "Gupta, Milon"]
[Result "1-0"]
[WhiteElo "2158"]
[BlackElo "2182"]
[PlyCount "161"]
[EventDate "2023.??.??"]

1. e4 d6 2. f4 d5 3. e5 c5 4. Nc3 Nc6 5. Nf3 Bg4 6. Bb5 Qd7 7. h3 Bxf3 8. Qxf3 e6 9. O-O Nge7 10. Ne2 a6 11. Bxc6 Nxc6 12. d3 Be7 13. c3 O-O 14. Be3 f6 15. Qg3 d4 16. cxd4 cxd4 17. exf6 Rxf6 18. Bd2 Bb4 19. Qe1 Bxd2 20. Qxd2 e5 21. fxe5 Rxf1+ 22. Rxf1 Nxe5 23. Rf4 Nc6 24. Ng3 Rf8 25. Ne4 Rxf4 26. Qxf4 h6 27. Qxh6 gxh6 28. Nf6+ Kg7 29. Nxd7 Nb4 30. Nc5 b6 31. Ne6+ Kf6 32. Nxd4 Nxd3 33. b3 Ke5 34. Nf3+ Kf4 35. Kf1 Nc1 36. Kf2 Nxa2 37. Nd2 b5 38. g3+ Ke5 39. Ke3 Nc3 40. Kd3 Nd5 41. Nf3+ Kf5 42. Kd4 Nf6 43. b4 Ke6 44. Ne1 Kd6 45. g4 Nd5 46. Nd3 Ne7 47. Ke4 Nc6 48. h4 a5 49. bxa5 Nxa5 50. Kf5 Nc6 51. Kg6 Ne5+ 52. Nxe5 Kxe5 53. g5 h5 54. Kxh5 b4 55. g6 b3 56. g7 b2 57. g8=Q b1=Q 58. Qg5+ Kd4 59. Kh6 Qe4 60. h5 Qc6+ 61. Kh7 Qe4+ 62. Qg6 Qf4 63. h6 Kc5 64. Kg7 Qe5+ 65. Qf6 Qg3+ 66. Kf7 Qb3+ 67. Qe6 Qf3+ 68. Kg6 Qg3+ 69. Kf6 Qh4+ 70. Kf7 Qf4+ 71. Qf6 Qc4+ 72. Kf8 Qd3 73. Qe7+ Kb5 74. h7 Qf5+ 75. Qf7 Qc5+ 76. Kg7 Qg5+ 77. Qg6 Qe7+ 78. Kh6 Qf8+ 79. Kg5 Qd8+ 80. Qf6 Qd2+ 81. Kg6 1-0

[Event "2BLW 2324 Bad Emstal/Wolfhagen - Klub KÃ"]
[Site "?"]
[Date "2023.10.21"]
[Round "1.1"]
[White "Stork, Oliver"]
[Black "Galperin, Platon"]
[Result "0-1"]
[WhiteElo "2289"]
[BlackElo "2564"]
[PlyCount "70"]
[EventDate "2023.??.??"]

1. c4 e6 2. Nf3 d5 3. e3 Nf6 4. b3 Bd6 5. Bb2 O-O 6. Nc3 c5 7. cxd5 exd5 8. d4 Nc6 9. Be2 Bg4 10. dxc5 Bxc5 11. O-O a6 12. Rc1 Ba7 13. h3 Be6 14. Na4 Rc8 15. Nd4 Ne4 16. Nxc6 Rxc6 17. Rxc6 bxc6 18. Nc3 f5 19. Nxe4 fxe4 20. Bg4 Bf7 21. Qe2 Bb8 22. Rc1 Qd6 23. Qc2 Be8 24. Kf1 h5 25. Bc8 Qh2 26. Qc3 Qh1+ 27. Ke2 Qxg2 28. Rf1 Bd6 29. a4 c5 30. Bxa6 h4 31. Ke1 Bh5 32. Bb7 d4 33. exd4 Bg3 34. Bd5+ Kh8 35. Qd2 Rxf2 0-1

[Event "2BLW 2324 Bad Emstal/Wolfhagen - Klub KÃ"]
[Site "?"]
[Date "2023.10.21"]
[Round "1.2"]
[White "Peng, Li Min"]
[Black "Morawietz, Dieter"]
[Result "1-0"]
[WhiteElo "2554"]
[BlackElo "2378"]
[PlyCount "93"]
[EventDate "2023.??.??"]

1. d4 Nf6 2. c4 e6 3. Nc3 Bb4 4. e3 b6 5. Nge2 Ba6 6. a3 Be7 7. Nf4 d5 8. cxd5 Bxf1 9. dxe6 Ba6 10. exf7+ Kxf7 11. e4 Nc6 12. Qb3+ Ke8 13. Qa4 Bb7 14. d5 Qd7 15. dxc6 Qxc6 16. Qxc6+ Bxc6 17. f3 Rc8 18. Be3 g5 19. Ne6 h6 20. Nd4 Bb7 21. Nf5 Bd8 22. h4 gxh4 23. Rxh4 h5 24. O-O-O Rh7 25. Bg5 Nd5 26. Bxd8 Nxc3 27. bxc3 Rxd8 28. Rxd8+ Kxd8 29. g4 Bc8 30. Nd4 Ke7 31. Rxh5 Rxh5 32. gxh5 Kf6 33. f4 Bg4 34. h6 Kg6 35. Nb5 c6 36. f5+ Kxh6 37. Nxa7 Kg5 38. Nxc6 Bf3 39. f6 Kxf6 40. e5+ Kg5 41. Nd4 Bh5 42. Ne6+ Kh6 43. Kd2 Bg4 44. Nc7 Kg5 45. Ke3 Kf5 46. Kd4 Bf3 47. c4 1-0

[Event "2BLW 2324 Bad Emstal/Wolfhagen - Klub KÃ"]
[Site "?"]
[Date "2023.10.21"]
[Round "1.3"]
[White "Helbig, Mark"]
[Black "Sivuk, Vitaly"]
[Result "0-1"]
[WhiteElo "2297"]
[BlackElo "2454"]
[PlyCount "54"]
[EventDate "2023.??.??"]

1. d4 Nf6 2. c4 e6 3. g3 d5 4. Bg2 Bb4+ 5. Bd2 Be7 6. Nf3 O-O 7. O-O Nbd7 8. Qc2 a5 9. Bf4 c6 10. Rd1 h6 11. b3 b6 12. Nc3 Ba6 13. Ne5 Nxe5 14. dxe5 Nd7 15. cxd5 cxd5 16. e4 d4 17. Rxd4 Bc5 18. Rdd1 g5 19. Qd2 gxf4 20. Qxd7 fxg3 21. hxg3 Qg5 22. Qd2 Qxd2 23. Rxd2 Bb4 24. Rc1 Rac8 25. Rdc2 Ba3 26. Ra1 Bd3 27. Nb1 Bb4 0-1

[Event "2BLW 2324 Bad Emstal/Wolfhagen - Klub KÃ"]
[Site "?"]
[Date "2023.10.21"]
[Round "1.4"]
[White "Bilych, Olexiy"]
[Black "Wacker, Peter"]
[Result "1-0"]
[WhiteElo "2425"]
[BlackElo "2234"]
[PlyCount "53"]
[EventDate "2023.??.??"]

1. d4 d5 2. c4 e6 3. Nc3 Nf6 4. cxd5 exd5 5. Bg5 c6 6. e3 Be7 7. Bd3 Nbd7 8. Qc2 h6 9. Bh4 O-O 10. Nge2 Re8 11. O-O Ne4 12. Bxe7 Qxe7 13. Bxe4 dxe4 14. d5 Nf6 15. dxc6 bxc6 16. Na4 Ba6 17. Rfc1 Bd3 18. Qd1 Ng4 19. h3 Bxe2 20. Qxe2 Ne5 21. Nc5 Rad8 22. Nxe4 Nd3 23. Rc4 f5 24. Nc3 f4 25. Re4 Qf7 26. Rxe8+ Qxe8 27. Rd1 1-0

[Event "2BLW 2324 Bad Emstal/Wolfhagen - Klub KÃ"]
[Site "?"]
[Date "2023.10.21"]
[Round "1.5"]
[White "Andersen, Hans-Christoph"]
[Black "Bogdanov, Egor"]
[Result "0-1"]
[WhiteElo "2224"]
[BlackElo "2374"]
[PlyCount "66"]
[EventDate "2023.??.??"]

1. d4 Nf6 2. Nf3 g6 3. c4 Bg7 4. Nc3 O-O 5. e4 d6 6. h3 e5 7. d5 Nbd7 8. Bg5 a5 9. Be2 Nc5 10. Nd2 c6 11. O-O Bd7 12. Nb3 Nxb3 13. axb3 h6 14. Be3 c5 15. Qd2 Kh7 16. Bd3 Nh5 17. Ne2 f5 18. f4 Qe7 19. exf5 Bxf5 20. Bxf5 gxf5 21. fxe5 Qxe5 22. Nf4 Ng3 23. Rfb1 Rg8 24. Ne6 Bf6 25. Bxh6 Ne2+ 26. Kh1 Rxg2 27. Kxg2 Qg3+ 28. Kf1 Qf3+ 29. Ke1 Bh4+ 30. Kd1 Nd4+ 31. Kc1 Nxb3+ 32. Kc2 Nxd2 33. Bxd2 Qe4+ 0-1

[Event "2BLW 2324 Bad Emstal/Wolfhagen - Klub KÃ"]
[Site "?"]
[Date "2023.10.21"]
[Round "1.6"]
[White "Prokofiev, Valentyn"]
[Black "Maric, Boris"]
[Result "1-0"]
[WhiteElo "2315"]
[BlackElo "2069"]
[PlyCount "81"]
[EventDate "2023.??.??"]

1. d4 Nf6 2. c4 b6 3. Nf3 e6 4. e3 Bb7 5. Bd3 d5 6. b3 dxc4 7. bxc4 Nbd7 8. O-O Bd6 9. Bb2 c5 10. Nc3 O-O 11. Qe2 a6 12. Rfd1 cxd4 13. exd4 Qc7 14. h3 Rfe8 15. Rac1 Rac8 16. a4 Qb8 17. Ne4 Nxe4 18. Bxe4 Bxe4 19. Qxe4 h6 20. Re1 Qa8 21. Qb1 Qc6 22. Qa1 f6 23. Qa2 Bf4 24. Rc3 Kh8 25. a5 bxa5 26. Qxa5 Rb8 27. Rc2 Rb3 28. d5 Qc8 29. Nd4 Rxb2 30. Rxb2 Be5 31. dxe6 Nc5 32. Rxe5 fxe5 33. Nf5 Rxe6 34. Rd2 Nb7 35. Qd5 Re8 36. Qf7 Rg8 37. Ne7 Qe8 38. Qxg8+ Qxg8 39. Nxg8 Kxg8 40. Rd7 Nc5 41. Rd5 1-0

[Event "2BLW 2324 Bad Emstal/Wolfhagen - Klub KÃ"]
[Site "?"]
[Date "2023.10.21"]
[Round "1.7"]
[White "Raasch, Joerg"]
[Black "Rakhmangulova, Anastasiya"]
[Result "1/2-1/2"]
[WhiteElo "2290"]
[BlackElo "2354"]
[PlyCount "98"]
[EventDate "2023.??.??"]

1. d4 d5 2. Nf3 Nf6 3. c4 c6 4. e3 e6 5. b3 Ne4 6. Bd3 Bb4+ 7. Nbd2 f5 8. O-O Nd7 9. a3 Bd6 10. Bb2 Qf6 11. Ne1 O-O 12. f4 g5 13. g3 gxf4 14. exf4 Qg7 15. Ng2 Ndf6 16. Nxe4 Nxe4 17. Qe2 Bd7 18. Ne3 Rf7 19. Bxe4 fxe4 20. Qg4 Raf8 21. c5 Bc7 22. Bc3 Kh8 23. Qxg7+ Rxg7 24. Kf2 Be8 25. b4 Bh5 26. Rab1 a6 27. a4 Ra8 28. Rb2 Bd8 29. Rfb1 Be8 30. Rf1 h5 31. Ke2 Bd7 32. Be1 Bf6 33. Nc2 h4 34. Bf2 Kg8 35. Rb3 Kf7 36. Rg1 hxg3 37. hxg3 Rh7 38. Rbb1 Rah8 39. Rg2 Rh3 40. Na3 Ke7 41. Nc2 Kd8 42. Be3 Be8 43. Rbg1 Rh2 44. Kf2 R2h3 45. Ke2 Rg8 46. g4 Bh4 47. Kd2 Bd7 48. Ke2 Be8 49. Kd2 Kd7 1/2-1/2

[Event "2BLW 2324 Bad Emstal/Wolfhagen - Klub KÃ"]
[Site "?"]
[Date "2023.10.21"]
[Round "1.8"]
[White "Tobak, Mikhail"]
[Black "Schwibbert, Jonas"]
[Result "1-0"]
[WhiteElo "2313"]
[BlackElo "2096"]
[PlyCount "95"]
[EventDate "2023.??.??"]

1. e4 c5 2. Nf3 Nc6 3. Bb5 Nf6 4. Qe2 g6 5. Nc3 Bg7 6. e5 Ng4 7. Bxc6 dxc6 8. h3 Nh6 9. Ne4 O-O 10. Nxc5 Nf5 11. Nb3 a5 12. d3 a4 13. Nbd2 Be6 14. O-O a3 15. bxa3 Nd4 16. Qd1 Nxf3+ 17. Nxf3 Bd5 18. Re1 Qa5 19. Nd2 c5 20. Nb3 Qc7 21. c4 Be6 22. Bb2 Qc6 23. Rc1 Bh6 24. d4 cxd4 25. Nxd4 Qb6 26. Nxe6 Bxc1 27. Nxf8 Bxb2 28. Nd7 Qc6 29. Qb3 Bd4 30. e6 fxe6 31. Ne5 Qc5 32. Nd3 Qxa3 33. Qxb7 Rf8 34. Qb3 Qa7 35. c5 Rf6 36. Rxe6 Kg7 37. Rxf6 Kxf6 38. c6 Qb6 39. Qc4 Qb1+ 40. Kh2 Bb6 41. Qc3+ Ke6 42. Qe5+ Kf7 43. Qd5+ Kg7 44. Qd7 Kf6 45. a4 h5 46. Nf4 Bxf2 47. Qe6+ Kg7 48. Qxg6+ 1-0

[Event "2BLW 2324 SG Porz - SV Werder Bremen II"]
[Site "?"]
[Date "2023.10.21"]
[Round "1.1"]
[White "Pruijssers, Roeland"]
[Black "Lutz, Christopher"]
[Result "1/2-1/2"]
[WhiteElo "2540"]
[BlackElo "2526"]
[PlyCount "111"]
[EventDate "2023.??.??"]

1. d4 Nf6 2. Nc3 d5 3. Bf4 a6 4. e3 b5 5. a3 e6 6. Nf3 Bb7 7. b4 Bd6 8. Ne5 Nc6 9. Bd3 Qe7 10. O-O O-O 11. Qf3 Bxe5 12. dxe5 Nd7 13. Qg3 f6 14. exf6 Qxf6 15. Qh3 Qxc3 16. Qxh7+ Kf7 17. Bg5 Nde5 18. Qh5+ g6 19. Qh7+ Ke8 20. Rad1 Nxd3 21. Rxd3 Qh8 22. Qxc7 Rf7 23. Qb6 Kf8 24. e4 dxe4 25. Rd6 Qc3 26. Rxe6 Kg7 27. Rxe4 Qxc2 28. Rf4 Raf8 29. Rh4 Rh8 30. Rxh8 Kxh8 31. Re1 Kg7 32. h3 Qc3 33. Rc1 Qe5 34. Be3 Qe4 35. f3 Qd5 36. Bf2 Re7 37. Bh4 Rd7 38. Bf2 Kf7 39. Re1 Re7 40. Rxe7+ Nxe7 41. Bc5 Qd1+ 42. Kh2 Qd7 43. Bf2 Nf5 44. Bg3 Nxg3 45. Kxg3 Qd5 46. Kf2 g5 47. Kg1 Ke7 48. Qe3+ Kd7 49. Kf2 Kd6 50. Qb6+ Ke5 51. Qe3+ Kf5 52. Qb6 Qd2+ 53. Kg1 Qc1+ 54. Kf2 Qd2+ 55. Kg1 Qc1+ 56. Kf2 1/2-1/2

[Event "2BLW 2324 SG Porz - SV Werder Bremen II"]
[Site "?"]
[Date "2023.10.21"]
[Round "1.2"]
[White "Xu, Xianliang"]
[Black "Colbow, Collin"]
[Result "1-0"]
[WhiteElo "2452"]
[BlackElo "2404"]
[PlyCount "79"]
[EventDate "2023.??.??"]

1. e4 c5 2. c3 Nf6 3. e5 Nd5 4. d4 cxd4 5. Nf3 e6 6. cxd4 d6 7. Bc4 Be7 8. O-O O-O 9. Qe2 a6 10. Qe4 Nd7 11. Rd1 b5 12. Bxd5 exd5 13. Qxd5 Nb6 14. Qe4 dxe5 15. Nxe5 Bd6 16. Nc3 b4 17. Ne2 Re8 18. Be3 Be6 19. Qd3 f6 20. Nf3 Bc4 21. Qd2 Bd5 22. b3 Bxf3 23. gxf3 Nd5 24. Qd3 f5 25. Bd2 Kh8 26. Ng3 f4 27. Ne4 Bf8 28. Re1 Re6 29. Kh1 Rh6 30. Rg1 Rc8 31. Ng5 Qd7 32. Rae1 Kg8 33. Re6 Nf6 34. Rxa6 Rg6 35. Bxf4 Rc3 36. Qe2 Nd5 37. Be3 Rxa6 38. Qxa6 Nxe3 39. fxe3 Rc2 40. Qd3 1-0

[Event "2BLW 2324 SG Porz - SV Werder Bremen II"]
[Site "?"]
[Date "2023.10.21"]
[Round "1.3"]
[White "Grigorian, Spartak"]
[Black "Rotstein, Arkadij"]
[Result "0-1"]
[WhiteElo "2444"]
[BlackElo "2450"]
[PlyCount "136"]
[EventDate "2023.??.??"]

1. d4 Nf6 2. c4 e6 3. Nf3 d5 4. g3 Bb4+ 5. Bd2 a5 6. Bg2 dxc4 7. Qc1 Bxd2+ 8. Nbxd2 b5 9. a4 c6 10. b3 cxb3 11. Nxb3 O-O 12. Ne5 Nd5 13. O-O Ba6 14. axb5 Bxb5 15. Qd2 a4 16. Rfc1 Nd7 17. Nxd7 Qxd7 18. Nc5 Qe7 19. Ra2 Ra7 20. Bxd5 cxd5 21. Rca1 Rfa8 22. Ra3 h6 23. h4 Qc7 24. Qb2 Be8 25. Rc1 Rb8 26. Qd2 Qd6 27. Qc3 Qb6 28. Rca1 Qb2 29. Qxb2 Rxb2 30. e3 Rb4 31. Nd3 Rc4 32. Kf1 Rb7 33. Ke1 Rc2 34. Kd1 Rbc7 35. R1a2 Rxa2 36. Rxa2 Kh7 37. Nc5 Ra7 38. Kc2 Kg6 39. Ra3 Kf5 40. f3 h5 41. Kd2 Bb5 42. Ke1 e5 43. e4+ Kf6 44. exd5 exd4 45. d6 Ra8 46. Kd2 Rd8 47. Ra1 Bc6 48. d7 Ra8 49. Kd3 Ke7 50. Kxd4 Bxd7 51. Nxd7 Kxd7 52. Kc4 Ke6 53. Kc3 a3 54. Ra2 Ke5 55. Re2+ Kf5 56. Ra2 f6 57. Kd3 g5 58. hxg5 fxg5 59. Ke3 h4 60. Kf2 h3 61. Kg1 g4 62. fxg4+ Kxg4 63. Kh2 Ra7 64. Ra1 a2 65. Rf1 Ra4 66. Rc1 Rb4 67. Ra1 Rb2+ 68. Kh1 Kg5 0-1

[Event "2BLW 2324 SG Porz - SV Werder Bremen II"]
[Site "?"]
[Date "2023.10.21"]
[Round "1.4"]
[White "Suvorov, Alexander"]
[Black "Meins, Gerlef"]
[Result "1/2-1/2"]
[WhiteElo "2340"]
[BlackElo "2412"]
[PlyCount "63"]
[EventDate "2023.??.??"]

1. d4 Nf6 2. Nf3 e6 3. Bf4 d5 4. e3 Bd6 5. Bd3 O-O 6. Nbd2 b6 7. Bg3 Bb7 8. c3 Ne4 9. a4 Nd7 10. a5 Rb8 11. Qc2 f5 12. axb6 axb6 13. Be2 Qe7 14. Ra7 Bc6 15. O-O Nxg3 16. hxg3 Ra8 17. Rxa8 Rxa8 18. b4 Nf6 19. b5 Be8 20. c4 Ne4 21. cxd5 exd5 22. Bd3 Nxg3 23. fxg3 Qxe3+ 24. Kh1 Qh6+ 25. Nh2 Bxg3 26. Ndf3 g6 27. Rd1 Bd7 28. Qb3 Be6 29. Qc3 Bd7 30. Qb3 Be6 31. Qc3 Bd7 32. Qb3 1/2-1/2

[Event "2BLW 2324 SG Porz - SV Werder Bremen II"]
[Site "?"]
[Date "2023.10.21"]
[Round "1.5"]
[White "Kollen, Zyon"]
[Black "Suvorov, Luca"]
[Result "0-1"]
[WhiteElo "2333"]
[BlackElo "2324"]
[PlyCount "96"]
[EventDate "2023.??.??"]

1. e4 e5 2. Nf3 Nc6 3. Bb5 a6 4. Ba4 Nf6 5. O-O b5 6. Bb3 Bc5 7. c3 d6 8. h3 O-O 9. d4 Bb6 10. a4 Bb7 11. Re1 h6 12. d5 Ne7 13. Bc2 Ng6 14. b3 c6 15. c4 Rc8 16. axb5 axb5 17. Be3 b4 18. Nbd2 Bxe3 19. Rxe3 Qb6 20. Ne1 Ra8 21. Nd3 Rxa1 22. Qxa1 Ra8 23. Qb1 c5 24. Re1 Bc8 25. Qb2 Qa7 26. f4 Qa2 27. Qc1 Nxf4 28. Nxf4 exf4 29. Nf3 g5 30. e5 dxe5 31. Nxe5 Kg7 32. Rd1 Nd7 33. Nd3 Qa3 34. Qd2 Qa5 35. Re1 Qa6 36. Bb1 Qf6 37. Qf2 Ra1 38. h4 Qc3 39. hxg5 hxg5 40. Qe2 Nf6 41. Bc2 Ra2 42. Rc1 Qd4+ 43. Kh1 Bf5 44. Ne1 g4 45. Qd1 Qf2 46. Nd3 Bxd3 47. Qxd3 f3 48. gxf3 g3 0-1

[Event "2BLW 2324 SG Porz - SV Werder Bremen II"]
[Site "?"]
[Date "2023.10.21"]
[Round "1.6"]
[White "Korotkjevich, Stanislav"]
[Black "Joachim, Sven"]
[Result "0-1"]
[WhiteElo "2365"]
[BlackElo "2387"]
[PlyCount "76"]
[EventDate "2023.??.??"]

1. d4 Nf6 2. Nf3 g6 3. Bf4 Bg7 4. e3 O-O 5. Be2 d6 6. h3 b6 7. O-O Bb7 8. Nbd2 Nbd7 9. Bh2 c5 10. a4 a6 11. c3 Ra7 12. Nc4 Qa8 13. b4 Ne4 14. Qb3 Bd5 15. Qb2 Rc8 16. Rfc1 cxd4 17. cxd4 Rac7 18. Ncd2 Nc3 19. Re1 Nxe2+ 20. Rxe2 Rc2 21. Qb1 Bxf3 22. gxf3 e5 23. Qf1 exd4 24. Rd1 Ne5 25. Bxe5 dxe5 26. exd4 exd4 27. Ne4 Qc6 28. b5 axb5 29. Rxc2 Qxc2 30. axb5 Be5 31. Kg2 Kg7 32. Rd2 Qc4 33. Qb1 f5 34. Ng3 Rc5 35. Ra2 d3 36. Ra7+ Kh6 37. Qe1 Qf4 38. Rd7 Rc1 0-1

[Event "2BLW 2324 SG Porz - SV Werder Bremen II"]
[Site "?"]
[Date "2023.10.21"]
[Round "1.7"]
[White "Richter, Christian"]
[Black "Marcziter, Dmitrii"]
[Result "1/2-1/2"]
[WhiteElo "2358"]
[BlackElo "2223"]
[PlyCount "62"]
[EventDate "2023.??.??"]

1. d4 Nf6 2. Nf3 g6 3. g3 Bg7 4. Bg2 O-O 5. c4 d5 6. cxd5 Nxd5 7. O-O Nc6 8. Nc3 Nb6 9. d5 Na5 10. e4 c6 11. Bf4 cxd5 12. Nxd5 Nxd5 13. exd5 Nc4 14. b3 Nd6 15. Rc1 Bg4 16. Qd2 Bxf3 17. Bxf3 Qd7 18. Rfe1 Rfc8 19. Bg5 Rxc1 20. Rxc1 Rc8 21. Rxc8+ Nxc8 22. Kg2 a6 23. h3 Nd6 24. Bg4 Qc7 25. Qe2 Bf6 26. Bf4 Qc5 27. Bf3 b5 28. Be3 Qc3 29. Bd2 Qc5 30. Be3 Qc3 31. Bd2 Qc5 1/2-1/2

[Event "2BLW 2324 SG Porz - SV Werder Bremen II"]
[Site "?"]
[Date "2023.10.21"]
[Round "1.8"]
[White "Gallasch, Jonas"]
[Black "Ewert, Hannes"]
[Result "1-0"]
[WhiteElo "2273"]
[BlackElo "2252"]
[PlyCount "99"]
[EventDate "2023.??.??"]

1. Nf3 Nf6 2. c4 e6 3. g3 b6 4. Bg2 Bb7 5. O-O Be7 6. d4 O-O 7. Nc3 Ne4 8. Qc2 Nxc3 9. Qxc3 c5 10. Rd1 d6 11. Qc2 Qc7 12. dxc5 bxc5 13. Ng5 g6 14. Bxb7 Qxb7 15. Ne4 Rd8 16. Bf4 e5 17. Be3 Nc6 18. Nc3 Rab8 19. b3 Nd4 20. Bxd4 exd4 21. Nd5 Bf8 22. e3 dxe3 23. Nxe3 Bg7 24. Rab1 Qf3 25. Qd2 Bd4 26. Nc2 Bg7 27. Qd3 Qf6 28. Ne3 Rd7 29. Nd5 Qg5 30. h4 Qg4 31. Re1 Rf8 32. Re4 Qh3 33. Rbe1 Rdd8 34. Re7 a5 35. Qd2 Bd4 36. Qf4 a4 37. bxa4 Ra8 38. Qxd6 Ra6 39. Qf4 Rxa4 40. Re8 Ra8 41. Rxa8 Rxa8 42. Re7 Rf8 43. Nb6 f5 44. Nd7 Ra8 45. Qf3 Rd8 46. a4 Qg4 47. Qd5+ Kh8 48. Kg2 Rg8 49. Qf7 Qh5 50. Nf6 1-0

[Event "2BLW 2324 SC Siegburg - SF Lieme"]
[Site "?"]
[Date "2023.10.21"]
[Round "1.1"]
[White "Niermann, Tristan"]
[Black "Roshka, Yevgeniy"]
[Result "1-0"]
[WhiteElo "2387"]
[BlackElo "2506"]
[PlyCount "77"]
[EventDate "2023.??.??"]

1. e4 c5 2. Nf3 Nc6 3. d4 cxd4 4. Nxd4 Nf6 5. Nc3 d6 6. Bg5 e6 7. Qd2 a6 8. O-O-O Bd7 9. f4 b5 10. a3 Qb6 11. e5 Qxd4 12. Qe1 Qa7 13. exf6 g6 14. Kb1 O-O-O 15. g4 d5 16. f5 b4 17. axb4 Bxb4 18. Qg3 gxf5 19. gxf5 Rhg8 20. Na2 Bc5 21. Qh4 exf5 22. Rxd5 h6 23. Bc1 Rg4 24. Qxh6 Be6 25. Rxd8+ Nxd8 26. Bh3 Rd4 27. Rf1 Qd7 28. Qh5 Qa4 29. Nc3 Qc4 30. Rxf5 Bxf5 31. Qxf5+ Ne6 32. Be3 Kb8 33. Bxd4 Bxd4 34. Qe4 Nc5 35. Qf4+ Kb7 36. Bg2+ Kc8 37. Nd5 Na4 38. Ne7+ Kd7 39. Bh3+ 1-0